| 000 -LEADER |
| fixed length control field |
00944nam a2200301 a 4500 |
| 001 - CONTROL NUMBER |
| control field |
vtls000634596 |
| 003 - CONTROL NUMBER IDENTIFIER |
| control field |
PNM |
| 005 - DATE AND TIME OF LATEST TRANSACTION |
| control field |
20190729115952.0 |
| 008 - FIXED-LENGTH DATA ELEMENTS--GENERAL INFORMATION |
| fixed length control field |
110228s2006 xxk e 000 1 eng d |
| 020 ## - INTERNATIONAL STANDARD BOOK NUMBER |
| International Standard Book Number |
9780007230587 (pbk.) : |
| 039 #9 - LEVEL OF BIBLIOGRAPHIC CONTROL AND CODING DETAIL [OBSOLETE] |
| Level of rules in bibliographic description |
201108091541 |
| Level of effort used to assign nonsubject heading access points |
marsila |
| Level of effort used to assign subject headings |
201102281110 |
| Level of effort used to assign classification |
iliza |
| 040 ## - CATALOGING SOURCE |
| Original cataloging agency |
PNM |
| Transcribing agency |
KH8 |
| Modifying agency |
KH8 |
| 082 04 - DEWEY DECIMAL CLASSIFICATION NUMBER |
| Classification number |
FIC MOR |
| Edition number |
22 |
| 090 20 - LOCALLY ASSIGNED LC-TYPE CALL NUMBER (OCLC); LOCAL CALL NUMBER (RLIN) |
| Local cutter number (OCLC) ; Book number/undivided call number, CALL (RLIN) |
MOR |
| 100 1# - MAIN ENTRY--PERSONAL NAME |
| Personal name |
Morpurgo, Michael |
| Relator term |
author |
| 245 10 - TITLE STATEMENT |
| Title |
Alone on a wide wide sea / |
| Statement of responsibility, etc. |
Michael Morpurgo |
| 260 ## - PUBLICATION, DISTRIBUTION, ETC. |
| Place of publication, distribution, etc. |
United Kingdom : |
| Name of publisher, distributor, etc. |
HarperCollins , |
| Date of publication, distribution, etc. |
2006 |
| 300 ## - PHYSICAL DESCRIPTION |
| Extent |
312p. ; |
| Dimensions |
20cm. |
| 500 ## - GENERAL NOTE |
| General note |
"A ward-winning author of private peaceful" -- cover |
| 650 10 - SUBJECT ADDED ENTRY--TOPICAL TERM |
| Topical term or geographic name entry element |
Yachts |
| General subdivision |
Design and construction |
| Form subdivision |
Juvenile fiction |
| 650 20 - SUBJECT ADDED ENTRY--TOPICAL TERM |
| Topical term or geographic name entry element |
Orphans |
| Geographic subdivision |
Australia |
| Form subdivision |
Juvenile fiction |
| 650 20 - SUBJECT ADDED ENTRY--TOPICAL TERM |
| Topical term or geographic name entry element |
Brothers and sisters |
| Form subdivision |
Juvenile fiction |
| 942 ## - ADDED ENTRY ELEMENTS (KOHA) |
| Source of classification or shelving scheme |
|
| Koha item type |
Books - Fiction |
| 949 ## - LOCAL PROCESSING INFORMATION (OCLC) |
| 6 |
1000591655 |
| e |
1842241 |
| 949 ## - LOCAL PROCESSING INFORMATION (OCLC) |
| 6 |
1000591656 |
| e |
1842242 |
| 949 ## - LOCAL PROCESSING INFORMATION (OCLC) |
| 6 |
1000591657 |
| e |
1842243 |
| 949 ## - LOCAL PROCESSING INFORMATION (OCLC) |
| 6 |
1000649466 |